Essays presented to Sir Jadunath Sarkar, Part-2/ (Record no. 18479)

MARC details
000 -LEADER
fixed length control field 00663nam a22002057a 4500
003 - CONTROL NUMBER IDENTIFIER
control field BDDh-ASL
005 - DATE AND TIME OF LATEST TRANSACTION
control field 20231015025717.0
008 - FIXED-LENGTH DATA ELEMENTS--GENERAL INFORMATION
fixed length control field 201011s1958 ii ||||| |||| 00| 0 eng d
040 ## - CATALOGING SOURCE
Original cataloging agency BDDh-ASL
Transcribing agency BDDh-ASL
041 ## - LANGUAGE CODE
Language code of text/sound track or separate title eng
082 ## - DEWEY DECIMAL CLASSIFICATION NUMBER
Classification number 907.202
Item number GUL
245 10 - TITLE STATEMENT
Title Essays presented to Sir Jadunath Sarkar, Part-2/
Statement of responsibility, etc. edited by H. R. Gupta.
260 ## - PUBLICATION, DISTRIBUTION, ETC.
Place of publication, distribution, etc. India:
Name of publisher, distributor, etc. Panjab University,
Date of publication, distribution, etc. 1958.
300 ## - PHYSICAL DESCRIPTION
Extent 371 p. :
Dimensions 25 cm.
504 ## - BIBLIOGRAPHY, ETC. NOTE
Bibliography, etc. note Includes bibliographical references and index.
600 10 - SUBJECT ADDED ENTRY--PERSONAL NAME
9 (RLIN) 1338
Personal name Sarkar, Jadunath
Titles and other words associated with a name Sir
General subdivision Biography
650 04 - SUBJECT ADDED ENTRY--TOPICAL TERM
9 (RLIN) 1339
Topical term or geographic name entry element Biography
General subdivision Life and Letters
-- History
Geographic subdivision India
700 1# - ADDED ENTRY--PERSONAL NAME
9 (RLIN) 1340
Personal name Gupta, H. R.
942 ## - ADDED ENTRY ELEMENTS (KOHA)
Source of classification or shelving scheme Dewey Decimal Classification
Koha item type Books
Holdings
Withdrawn status Lost status Source of classification or shelving scheme Damaged status Not for loan Collection code Home library Current library Shelving location Date acquired Source of acquisition Serial Enumeration / chronology Total Checkouts Full call number Barcode Date last seen Copy number Price effective from Koha item type Public note
    Dewey Decimal Classification   Not For Loan Non-fiction Asiatic Society Library Asiatic Society Library Harrison Collection 10/11/2020 Donated by Prof. John B. Harrison V-2   907.202 GUL 101670 10/11/2020 C-1 10/11/2020 Books RARE

Powered by Koha